World soils. (2nd ed.) (Record no. 83265)
[ view plain ]
| 000 -LEADER | |
|---|---|
| fixed length control field | 00703nam a2200193 a 4500 |
| 008 - FIXED-LENGTH DATA ELEMENTS--GENERAL INFORMATION | |
| fixed length control field | 120416s1978 xx |||||||||||||| || u |
| 020 ## - INTERNATIONAL STANDARD BOOK NUMBER | |
| International Standard Book Number | 0521293391 |
| 050 ## - LIBRARY OF CONGRESS CALL NUMBER | |
| Classification number | S 591 Bri |
| 100 ## - MAIN ENTRY--PERSONAL NAME | |
| Personal name | Bridges, Edwin Michael |
| 245 10 - TITLE STATEMENT | |
| Title | World soils. (2nd ed.) |
| 250 ## - EDITION STATEMENT | |
| Edition statement | 2nd ed. |
| 260 ## - PUBLICATION, DISTRIBUTION, ETC. | |
| Date of publication, distribution, etc. | 1978 |
| 300 ## - PHYSICAL DESCRIPTION | |
| Extent | 128p.: ill. |
| 350 ## - | |
| -- | 0.00 |
| 650 #0 - SUBJECT ADDED ENTRY--TOPICAL TERM | |
| Topical term or geographic name entry element | SOIL SCIENCE |
| 650 ## - SUBJECT ADDED ENTRY--TOPICAL TERM | |
| Topical term or geographic name entry element | SOILS |
| 995 ## - | |
| -- | MAIN LIBRARY OPEN ACCESS |
| -- | 0.00 |
| -- | 712098 |
| -- | CBU-MAIN LIBRARY (Kitwe) |
| -- | 2 |
| -- | 7.47 |
| -- | S 591 Bri |
| -- | 1 |
| -- | AVAILABLE |
| -- | 013635 |
| -- | Main Library Open Access Collection |
| 995 ## - | |
| -- | MAIN LIBRARY OPEN ACCESS |
| -- | 0.00 |
| -- | 734167 |
| -- | CBU-MAIN LIBRARY (Kitwe) |
| -- | 1 |
| -- | 7.47 |
| -- | S 591 Bri |
| -- | 2 |
| -- | AVAILABLE |
| -- | 46505 |
| -- | Main Library Open Access Collection |
| 999 ## - | |
| -- | 83265 |
| -- | 83265 |
| Withdrawn status | Lost status | Source of classification or shelving scheme | Damaged status | Not for loan | Permanent Location | Current Location | Shelving location | Date acquired | Total Checkouts | Full call number | Barcode | Date last seen | Copy number | Price effective from | Koha item type |
|---|---|---|---|---|---|---|---|---|---|---|---|---|---|---|---|
| CBU-MAIN LIBRARY, KITWE. | CBU-MAIN LIBRARY, KITWE. | 10/25/2023 | S 591 Bri | 013635 | 10/25/2023 | 1 | 10/25/2023 | MONOGRAPH | |||||||
| CBU-MAIN LIBRARY, KITWE. | CBU-MAIN LIBRARY, KITWE. | 10/25/2023 | S 591 Bri | 46505 | 10/25/2023 | 2 | 10/25/2023 | MONOGRAPH |